The language web : the power and problem of words
Αποθηκεύτηκε σε:
| Κύριος συγγραφέας: | |
|---|---|
| Μορφή: | Βιβλίο |
| Γλώσσα: | English |
| Δημοσίευση: |
Cambridge :
Cambridge University Press,
1997
|
| Σειρά: | Reith lectures
|
| Θέματα: | |
| Ετικέτες: |
Προσθήκη ετικέτας
Δεν υπάρχουν, Καταχωρήστε ετικέτα πρώτοι!
|
MARC
| LEADER | 00000nam a2200000 i 4500 | ||
|---|---|---|---|
| 001 | 1/77955 | ||
| 008 | 080320s1997 eng d | ||
| 020 | |a 0-521-57475-7 | ||
| 035 | |l 10095621 | ||
| 040 | |a GR-MY-UA |b gre |e aacr | ||
| 041 | 0 | |a eng | |
| 082 | 0 | |a 400 |2 (22) | |
| 100 | 1 | |a Aitchison, Jean |d 1938- | |
| 245 | 1 | 4 | |a The language web : |b the power and problem of words / |c Jean Aitchison |
| 260 | |a Cambridge : |b Cambridge University Press, |c 1997 | ||
| 300 | |a 139 σ.; |b σχ.; |c 21 εκ. | ||
| 490 | 1 | |a The 1996 BBC Reith lectures | |
| 504 | |a Βιβλιογραφία: σ. 125-133 | ||
| 504 | |a Ευρετήριο: σ. 135-139 | ||
| 650 | 0 | 0 | |a Language and languages. |
| 830 | 0 | |a Reith lectures | |
| 852 | |a INST |b LESVOS |e 20080320 |h 400 AIT |p 005100040568 |q 005100040568 |t BK |y 0 | ||
| 901 | |a BIBL1-2008-1 | ||
| 909 | |a Λ |b 144084 | ||
| 922 | |a 1ΕΛΗ |b 200801 |c ΕΠΕΑΚ2/ΤΚΑ |d ΠΑΠΑΣΩΤΗΡΙΟΥ | ||
| 970 | |a ΧΑΤΖΗΜΙΧΑΗΛ |b ΜΑΡΙΑ |z 2008/03/20 | ||